Normal view
MARC view
- Korth, Henry F .
Entry Personal Name
001 - CONTROL NUMBER
- control field: 1327
003 - CONTROL NUMBER IDENTIFIER
- control field: OSt
005 - DATE AND TIME OF LATEST TRANSACTION
- control field: 20160827112804.0
008 - FIXED-LENGTH DATA ELEMENTS
- fixed length control field: 160827|| aca||aabn | a|a d
040 ## - CATALOGING SOURCE
- Original cataloging agency: OSt
- Transcribing agency: OSt
100 ## - HEADING--PERSONAL NAME
- Personal name: Korth, Henry F .
670 ## - SOURCE DATA FOUND
- Source citation: Work cat.: (OSt)13587: Silberschatz, Abraham . 1326, Database System Concepts / , 2006, 2011
